| 000 | 01495cam a22003131i 4500 | ||
|---|---|---|---|
| 003 | SA-RiAUC | ||
| 005 | 20250922064852.0 | ||
| 008 | 250919s1984 su g b 000r0dara c | ||
| 040 |
_aSA-RiAUC _bara _cSA-RiAUC _erda |
||
| 043 | _aa-ye--- | ||
| 082 | 0 | 4 |
_a953.202 _qSA-RiAUC |
| 090 |
_a953.202 _bم د ا |
||
| 100 | 1 |
_aالمداح، أميرة علي محمد، _d1368 هجري- _eمؤلف. |
|
| 245 | 1 | 2 |
_aالعثمانيون والإمام القاسم بن محمد بن علي في اليمن 1006-1029 هـ / 1598-1620 م / _cأميرة علي محمد المداح. |
| 250 | _aالطبعة الثانية. | ||
| 264 | 1 |
_aجدة، السعودية : _bتهامة للنشر والتوزيع، _c1984. |
|
| 300 |
_a253 صفحة ؛ _c24 سم. |
||
| 336 |
_aنص _btxt _2rdacontent _3كتاب |
||
| 337 |
_aبدون وسيط _bn _2rdamedia |
||
| 338 |
_aمجلد _bnc _2rdacarrier |
||
| 490 | 1 |
_aرسائل جامعية ؛ _v4 |
|
| 504 | _aببليوجرافية : صفحة 235-243. | ||
| 600 | 1 | 7 |
_aابن إمام اليمن، محمد بن الحسين بن القاسم، _dتوفي 1067 هجري _2aucnm |
| 600 | 1 | 7 |
_aالمنصور بالله، القاسم بن محمد بن علي، _cإمام اليمن، _d967-1029 هجري _2aucnm |
| 651 | 7 |
_aاليمن _xتاريخ _yالحكم العثماني، 1538-1840 _2aucsh |
|
| 830 | 0 |
_aرسائل جامعية (تهامة للنشر والتوزيع) _v4 |
|
| 942 |
_2ddc _cBOOK _n0 |
||
| 949 |
_aSA-JeALM _d250919 _umohamedma123 _n1 |
||
| 999 |
_c11979 _d11979 |
||